000
00169nam a22000857a 4500
082
_a
BUR
100
_a
Burnham
245
_a
elements of industial organization
942
_c
BK
999
_c
15367
_d
15367